LEADER 01037nam0-22003491i-450- 001 990003217460403321 005 20080709143210.0 010 $a88-8114-825-0 035 $a000321746 035 $aFED01000321746 035 $a(Aleph)000321746FED01 035 $a000321746 100 $a20030910d1999----km-y0itay50------ba 101 0 $aita 102 $aIT 105 $ay-------001yy 200 1 $a<>teoria della crisi strutturale del sistema capitalistico$fSalvatore Michele De Marco 210 $aNapoli$cEdizioni Scientifiche Italiane$d1999 215 $a148 p.$d24 cm 610 0 $aCapitalismo 610 0 $aDebito estero 610 0 $aDisoccupazione$aAspetti micro e macroeconomici 702 1$aDe Marco,$bSalvatore Michele 801 0$aIT$bUNINA$gRICA$2UNIMARC 901 $aBK 912 $a990003217460403321 952 $aC/1 DEM/99$b18643$fSES 952 $aXV E2 191$b304$fDTE 959 $aSES 959 $aDTE 996 $aTeoria della crisi strutturale del sistema capitalistico$9455474 997 $aUNINA LEADER 00747nam0-22002651i-450- 001 990001154580403321 035 $a000115458 035 $aFED01000115458 035 $a(Aleph)000115458FED01 035 $a000115458 100 $a20000920d1966----km-y0itay50------ba 101 0 $aeng 200 1 $aGeneralized harmonic analysis Tauberian theorems$fby Wiener 210 $aCambridge$cThe MIT Press$d1966 610 0 $aAnalisi armonica 700 1$aWiener,$bNorbert$f<1894-1964>$02095 801 0$aIT$bUNINA$gRICA$2UNIMARC 901 $aBK 912 $a990001154580403321 952 $a6-H-11$b8917$fMA1 959 $aMA1 962 $a43-02 996 $aGeneralized harmonic analysis Tauberian theorems$9346348 997 $aUNINA DB $aING01 LEADER 01370nam a2200325 i 4500 001 991002055869707536 005 20020507155621.0 008 991004s1982 it ||| | ita 035 $ab11602466-39ule_inst 035 $aLE02729721$9ExL 040 $aDip.to Studi Giuridici$bita 041 0 $aitalat 082 0 $a340.54 084 $aR-III/D 100 1 $aLucrezi, Francesco$0230496 245 10$aLeges super principem :$bla "monarchia costituzionale" di Vespasiano /$cFrancesco Lucrezi 260 $aNapoli :$bJovene,$c1982 300 $a282 p. ;$c25 cm. 490 0 $aPubblicazioni della Facoltà giuridica dell'Università di Napoli ;$v195 650 4$aDiritto pubblico romano$ySec. 1. 650 4$aImpero romano$xOrdinamento$ySec. 1. 650 4$aVespasiano, Tito Flavio $xPolitica legislativa 907 $a.b11602466$b01-03-17$c02-07-02 912 $a991002055869707536 945 $aLE027 ARCHI M 775$g1$iLE027-5609$lle027$o-$pE0.00$q-$rl$s- $t0$u0$v0$w0$x0$y.i11814998$z02-07-02 945 $aLE027 R-II/C 40$g2$iLE027-9123$lle027$o-$pE0.00$q-$rl$s- $t0$u0$v0$w0$x0$y.i11815000$z02-07-02 945 $aLE027 R-III/D 64$g1$iLE027CL-445$lle027$o-$pE0.00$q-$rl$s- $t0$u0$v0$w0$x0$y.i11815012$z02-07-02 996 $aLeges super principem$9645082 997 $aUNISALENTO 998 $ale027$b01-01-99$cm$da $e-$fita$git $h0$i3 LEADER 00974nam0 22002651i 450 001 UON00128901 005 20231205102748.131 100 $a20020107f |0itac50 ba 101 $aurd 102 $aIN 105 $a|||| 1|||| 200 1 $aHindustani musiqi$fE. F. Islam 210 $aIlahabad$cIdara-e Anis-e Urdu, s. d 215 $a155 p.$d18 cm 606 $aMUSICA INDIANA$3UONC004712$2FI 620 $aIN$dAllahabad$3UONL000114 686 $aSI IX H$cSUBCONT. INDIANO - ARTI - MUSICA, TEATRO, CINEMA, DANZA$2A 700 1$aISLAM$bE. F.$3UONV079335$0668088 712 $aIdara-e Anis-e Urdu$3UONV256359$4650 801 $aIT$bSOL$c20240220$gRICA 899 $aSIBA - SISTEMA BIBLIOTECARIO DI ATENEO$2UONSI 912 $aUON00128901 950 $aSIBA - SISTEMA BIBLIOTECARIO DI ATENEO$dSI SI IX H 025 $eSI IND1920 7 025 996 $aHindustani musiqi$91319697 997 $aUNIOR LEADER 01810nam 2200481zu 450 001 9910376375603321 005 20210807005227.0 010 $a1-4503-2881-4 035 $a(CKB)3780000000084390 035 $a(SSID)ssj0001455746 035 $a(PQKBManifestationID)11838254 035 $a(PQKBTitleCode)TC0001455746 035 $a(PQKBWorkID)11393543 035 $a(PQKB)11645551 035 $a(WaSeSS)IndRDA00037870 035 $a(Association for Computing Machinery)10.1145/2598394 035 $a(EXLCZ)993780000000084390 100 $a20160829d2014 uy 101 0 $aeng 135 $aur||||||||||| 181 $ctxt 182 $cc 183 $acr 200 10$aGECCO '14 : companion publication of the 2014 Genetic and Evolutionary Computation Conference : July 12-16, 2014, Vancouver, BC, Canada 210 31$a[Place of publication not identified]$cACM$d2014 215 $a1 online resource (1492 pages) 225 1 $aACM Conferences 300 $aBibliographic Level Mode of Issuance: Monograph 410 0$aACM Conferences 517 1 $aProceedings of the 2014 Conference companion on Genetic and Evolutionary Computation companion 517 1 $aGECCO '14 517 1 $aGenetic and Evolutionary Computation Conference, Vancouver, BC, Canada - July 12-16, 2014 606 $aEngineering & Applied Sciences$2HILCC 606 $aComputer Science$2HILCC 615 7$aEngineering & Applied Sciences 615 7$aComputer Science 700 $aIgel$b Christian$0946526 712 02$aAssociation for Computing Machinery SIGEVO, 801 0$bPQKB 906 $aBOOK 912 $a9910376375603321 996 $aGECCO '14 : companion publication of the 2014 Genetic and Evolutionary Computation Conference : July 12-16, 2014, Vancouver, BC, Canada$92272145 997 $aUNINA LEADER 05241nam 22006975 450 001 9910556894203321 005 20230810173633.0 010 $a9783030837723$b(electronic bk.) 010 $z9783030837716 024 7 $a10.1007/978-3-030-83772-3 035 $a(MiAaPQ)EBC6941386 035 $a(Au-PeEL)EBL6941386 035 $a(CKB)21435609900041 035 $a(DE-He213)978-3-030-83772-3 035 $a(EXLCZ)9921435609900041 100 $a20220328d2022 u| 0 101 0 $aeng 135 $aurcnu|||||||| 181 $ctxt$2rdacontent 182 $cc$2rdamedia 183 $acr$2rdacarrier 200 10$aCorporate Capitalism and the Integral State $eGeneral Electric and a Century of American Power /$fby Stephen Maher 205 $a1st ed. 2022. 210 1$aCham :$cSpringer International Publishing :$cImprint: Palgrave Macmillan,$d2022. 215 $a1 online resource (401 pages) 225 1 $aMarx, Engels, and Marxisms,$x2524-7131 311 08$aPrint version: Maher, Stephen Corporate Capitalism and the Integral State Cham : Springer International Publishing AG,c2022 9783030837716 327 $aChapter 1: The Making of the Integral State -- Chapter 2: The Making of General Electric in the Era of Finance Capital -- Chapter 3: The Formation of the State-Capital Complex -- Chapter 4: The Golden Age of Managerialism and the State Industrial Policy System -- Chapter 5: from Class Interest to National Interest: General Election and the Making of an Informal Empire -- Chapter 6: The Financialization and Internationalization of General Electric -- Chapter 7: The Business Roundtable and the End of Managerialism -- Chapter 8: From Capital Controls to Free Trade: The Making of the Internationalized Neoliberal State -- Chapter 9: General Electric, Financialization, and the Neoliberal Integral State. 330 $a"This book offers a ground-breaking interpretation of class, corporate and state power, through the all-important case study of GE.This extraordinarily valuable work of scholarshipwill transform the field of political economy." -Alfredo Saad-Filho, Professor of Political Economy and International Development and Chair of International Development, King's College London, UK "Maher's impressive book draws on political economy, critical state theory, and historical institutionalism to elaborate a theory of the integral state. It is a major contribution to critical state theory and American political development." -Clyde W. Barrow, Professor and Chair of Political Science, University of Texas Rio Grande Valley, USA "Maher's excavation of GE delivers an ambitious theoretical treatise offering insights ranging across political economy, finance, the theory of the corporation, the understanding of the American state and the corporate-state nexus." -Sam Gindin, former Research Director of the Canadian Auto Workers Union This book advances an original conception of the relationship between state and corporate power in the United States. Using what he terms an Institutional Marxist framework, Maher argues that, far from passively responding to interest group pressures, the state has been a key agent in politically mobilizing business, and has played an active role in the organization of lobbying groups. Such business associations do not merely express the pre-existing interests of their corporate members, but are also mechanisms through which the state organizes the political power of the capitalist class. They form part of what the author refers to as an integral state-a wider network of state power which traverses and interpenetrates the state bureaucracy, the legislature, the industrial policy apparatus, and corporate governance. Based on extensive archival research, this book tracks the role of the General Electric Company as a pillar of the integral state in the United States from the finance capital period (1880 to 1930), through the managerial period (1930-1979), to the restructuring leading up to the age of neoliberalism (1979-present). Stephen Maher is a Post-Doctoral Fellow at Ontario Tech University, Canada. 410 0$aMarx, Engels, and Marxisms,$x2524-7131 606 $aPolitical science 606 $aMarxian school of sociology 606 $aCorporate governance 606 $aCorporations 606 $aEconomic history 606 $aAmerica$xPolitics and government 606 $aPolitical Theory 606 $aMarxist Sociology 606 $aCorporate Governance 606 $aCorporate History 606 $aAmerican Politics 615 0$aPolitical science. 615 0$aMarxian school of sociology. 615 0$aCorporate governance. 615 0$aCorporations. 615 0$aEconomic history. 615 0$aAmerica$xPolitics and government. 615 14$aPolitical Theory. 615 24$aMarxist Sociology. 615 24$aCorporate Governance. 615 24$aCorporate History. 615 24$aAmerican Politics. 676 $a338.740973 676 $a322.30973 700 $aMaher$b Stephen$f1985-$01266332 801 0$bMiAaPQ 801 1$bMiAaPQ 801 2$bMiAaPQ 912 $a9910556894203321 996 $aCorporate capitalism and the integral state$92971719 997 $aUNINA